Central Library OPAC University of Rajshahi

Modern foundry practice; (Record no. 16779)

MARC details
000 -LEADER
fixed length control field 00790cam a22002411 4500
001 - CONTROL NUMBER
control field 16779
003 - CONTROL NUMBER IDENTIFIER
rucl marc code BD-RjUL
005 - DATE AND TIME OF LATEST TRANSACTION
control field 20211209000041.0
008 - FIXED-LENGTH DATA ELEMENTS--GENERAL INFORMATION
fixed length control field 140215s1943 xx 001 0 eng
035 ## - SYSTEM CONTROL NUMBER
System control number (BD-RjUL)16834
System control number (OCoLC)5110876
040 ## - CATALOGING SOURCE
Original cataloging agency DLC
Transcribing agency OCl
Modifying agency Uk
-- DLC
-- BD-RjUL
Language of cataloging eng
041 ## - LANGUAGE CODE
Language code of text/sound track or separate title eng
082 ## - DEWEY DECIMAL CLASSIFICATION NUMBER
Classification number 671
Author mark and year MOD
245 00 - TITLE STATEMENT
Title Modern foundry practice;
Remainder of title a practical guide for foundrymen and all interested in the foundry trade,
Statement of responsibility, etc. edited by E. D. Howard. With contributions by ten specialist authors.
260 ## - PUBLICATION, DISTRIBUTION, ETC. (IMPRINT)
Place of publication, distribution, etc. London :
Name of publisher, distributor, etc. Odhams press limited,
Date of publication, distribution, etc. 1943.
300 ## - PHYSICAL DESCRIPTION
Pagination 384 p. :
Illustrations illus., XII pl. on 6 l., diagrs. ;
Size 22 cm.
504 ## - BIBLIOGRAPHY, ETC. NOTE
Bibliography, etc Includes index.
700 ## - ADDED ENTRY--PERSONAL NAME
Personal name Howard, E. D.,
942 ## - ADDED ENTRY ELEMENTS (KOHA)
Source of classification or shelving scheme Dewey Decimal Classification
Koha item type Books
Holdings
Lost status Source of classification or shelving scheme Damaged status Not for loan Collection code Permanent Location Current Location Shelving location Date acquired Source of acquisition Cost, normal purchase price Total Checkouts Full call number Date last seen Copy number Koha item type
  Dewey Decimal Classification   Not For Loan Non-fiction Central Library, University of Rajshahi Central Library, University of Rajshahi Reading Room 23/09/1964 Govt. of Australia 0.00   671 MOD 1943 15/02/2014 C-1 Books